000 01001nam a2200265 i 4500
001 bg
100 1 _aSTOCKI, Rafał
245 1 0 _aOptymalizacja niezawodnościowa konstrukcji prętowych w zakresie dużych przemieszczeń :
_bteoria i program komputerowy /
_cRafał Stocki.
260 _aWarszawa :
_bIPPT,
_c1999.
300 _a158 s. :
_bwykr. ;
_c21 cm.
490 1 _aPrace Instytutu Podstawowych Problemów Techniki PAN,
_x0208-5658 ;
_v13/1999
500 _aPraca doktorska.
504 _aBibliogr. s. 150-158.
650 9 _aPręty
_xkonstrukcje
_xmechanika
_xbadanie
650 9 _aOptymalizacja
_xmetody
_xstosowanie
_xmechanika
650 9 _aNiezawodność
_xbadanie
_xmetody
650 9 _aStateczność
_xzagadnienia
650 9 _aNaprężenia i odkształcenia
_xzagadnienia
830 _aPrace Instytutu Podstawowych Problemów Techniki PAN,
_x0208-5658 ;
040 _cBPK
041 0 _apl
080 _a624.04:624.07:519.863
942 _cKS
008 s pl f |000 0 pol
999 _c36233
_d36233
856 _uhttp://koha.tu.koszalin.pl/cgi-bin/koha/opac-detail.pl?biblionumber=36233
_yKatalog online BPK